000 00615nam a2200193Ii 4500
003 JO-AjNU
008 230605s9999||||xx |||||||||||||| ||und||
040 _aJO-AjNU
_bara
_erda
_cJO-AjNU
041 _aara
050 1 4 _aPJ7864.A5.A15 1975
100 3 _aالنالوتي،عروسية ,
_eauthor
_915498
245 0 0 _aالبعد الخامس
264 3 1 _aليبيا: الدار العربية للكتاب، 1975
300 _a155ص
336 _atext
_btxt
_2rdacontent
337 _aunmediated
_bn
_2rdamedia
338 _avolume
_bnc
_2rdacarrier
650 4 _aالأدب العربي - قصص - تونس
_915499
999 _aA4392
_c7960
_d7960